000 00258nam a2200109Ia 4500
008 220216s9999 xx 000 0 und d
100 _aBenny K K
245 0 _aThangum thanalum valamayi sheemakonna
260 _bRubber
_c2013
300 _a24-25
942 _cJS
999 _c70445
_d70445